00371nam a2200145Ia 4500003000900000005001700009008004100026040003300067041000800100080001200108100002000120245003500140260003100175300001900206LK-CoDNM20240826125111.0010623t1929 xxu||||| |||| 00| 1 eng d aLK-CoDNMdLK-CoDNMeLK-CoDNM aeng a22bJ20 aRangacharya, V. aHistory of Pre- Musalman India bHuxley pressaMadrasc1929 b247p. : 23 cm